German Chancellors - Sudden Death - Statistics

General Stats
  • This quiz has been taken 81 times
  • The average score is 6 of 8
Answers on the Grid
Answers color-coded by a green-red scale on the quiz's grid according to % correct below.
Olaf Scholz
Angela Merkel
Robert Habeck
Konrad Adenauer
Martin Schulz
Helmut Kohl
Theodor Heuss
Helmut Schmidt
Frank-Walter Steinmeier
Willy Brandt
Christian Lindner
Erich Honecker
Walter Ulbricht
Kurt Georg Kiesinger
Ludwig Erhard
Joachim Gauck
 
Answer Stats
Answer % Correct
Helmut Kohl
89%
Angela Merkel
79%
Olaf Scholz
79%
Willy Brandt
79%
Helmut Schmidt
68%
Konrad Adenauer
63%
Ludwig Erhard
53%
Kurt Georg Kiesinger
47%
No matching quizzes found
Score Distribution
Percent of People with Each Score
Percentile by Number Answered
Your Score History
You have not taken this quiz